Chemistry of natural products : (رقم التسجيلة. 26731)

تفاصيل مارك
000 -الفاتح
حقل البيانات ثابتة الطول 00773cam a2200253Ia 4500
001 - رقم الضبط
رقم الضبط 688440602
003 - محدد رقم الضبط
رقم الضبط OCoLC
005 - وقت وتاريخ اخر تعامل مع التسجيلة
رقم الضبط 20150408114109.0
008 - عناصر البيانات ثابتة الطول - معلومات عامة
حقل البيانات ثابتة الطول 101201s2010 ii a b 001 0 eng d
020 ## - الرقم الدولى المعيارى للكتب
الرقم الدولى المعيارى للكتاب 9781439849651
020 ## - الرقم الدولى المعيارى للكتب
الرقم الدولى المعيارى للكتاب 143984965X
035 ## - رقم ضبط النظام
رقم ضبط النظام (OCoLC)688440602
040 ## - مصدر الفهرسة
وكالة الفهرسة الأصلية SISPL
وكالة النسخ SISPL
وكالة التعديل UAT
082 ## - رقم تصنيف ديوى العشرى
رقم التصنيف 660
رقم المادة KNC
100 1# - المدخل الرئيسى - إسم شخصى
الإسم الشخصى Krishnaswamy, N. R.
9 (RLIN) 19292
245 10 - بيان العنوان
العنوان Chemistry of natural products :
بقية العنوان a unified approach /
بيان المسئوليه,etc N.R. Krishnaswamy.
250 ## - بيان الطبعة
بيان الطبعة 2nd ed.
260 ## - PUBLICATION, DISTRIBUTION, ETC. (IMPRINT)
مكان الناشر او الموزع Hyderabad, India :
اسم الناشر او الموزع Universities Press ;
مكان الناشر او الموزع Boca Raton :
اسم الناشر او الموزع CRC Press,
تاريخ النشر أو التوزيع 2010.
300 ## - الوصف المادى
التعداد xiii, 417 p. :
تفاصيل ماديه اخرى للوعاء ill. ;
أبعاد الوعاء 25 cm.
504 ## - تبصرة ببليوجرافية
تبصرة ببليوجرافية,الخ Includes bibliographical references and index.
650 #0 - المدخل الاضافى بالموضوع-مصطلح موضوعى
مصطلح موضوعي أو اسم جغرافي كعنصر مدخل Natural products.
650 #0 - المدخل الاضافى بالموضوع-مصطلح موضوعى
مصطلح موضوعي أو اسم جغرافي كعنصر مدخل Biochemistry.
942 ## - عناصر المدخل الإضافي( كوها)
مصدر التصنيف او مخطط الترفيف Dewey Decimal Classification
Koha [default] item type DVD
المقتنيات
حالة الفقد نموذج السعر الفعال حالة تلف ليس للاعارة رقم الطلب تاريخ الاكتساب الموقع الحالي الباركود الفرع الرئيسي Date last seen نوع المادة فى نظام كوها مصدر التصنيف او خطة الترفيف Total Checkouts
  2013-03-10     660 KNC 2012-12-29 المكتبة المركزية بالمجمعة (CL) 00401705 المكتبة المركزية بالمجمعة (CL) 2013-03-10 كتاب Dewey Decimal Classification  
  2013-03-10     660 KNC 2013-01-01 المكتبة المركزية بالمجمعة (CL) 00401674 المكتبة المركزية بالمجمعة (CL) 2013-03-10 كتاب Dewey Decimal Classification  
  2013-03-10     660 KNC 2013-01-01 المكتبة المركزية بالمجمعة (CL) 00401676 المكتبة المركزية بالمجمعة (CL) 2013-03-10 كتاب Dewey Decimal Classification